声音疗法的7大秘密 (Record no. 29922)

000 -LEADER
fixed length control field 00518nam a22001937a 4500
003 - CONTROL NUMBER IDENTIFIER
control field MPLRDC
005 - DATE AND TIME OF LATEST TRANSACTION
control field 20220104142327.0
008 - FIXED-LENGTH DATA ELEMENTS--GENERAL INFORMATION
fixed length control field 210129b ||||| |||| 00| 0 eng d
020 ## - INTERNATIONAL STANDARD BOOK NUMBER
International Standard Book Number 978-986-7349-82-8
082 ## - DEWEY DECIMAL CLASSIFICATION NUMBER
Classification number 418.989 GOL
100 ## - MAIN ENTRY--PERSONAL NAME
Personal name JONATHAN GOLDMAN
245 ## - TITLE STATEMENT
Title 声音疗法的7大秘密
Statement of responsibility, etc. 奕兰 译
250 ## - EDITION STATEMENT
Edition statement 初版
260 ## - PUBLICATION, DISTRIBUTION, ETC.
Place of publication, distribution, etc. 台湾
Name of publisher, distributor, etc. 生命潜能文化事业有限公司
Date of publication, distribution, etc. 2009
300 ## - PHYSICAL DESCRIPTION
Other physical details 201
490 ## - SERIES STATEMENT
Series statement 健康种子系列: 301
650 ## - SUBJECT ADDED ENTRY--TOPICAL TERM
Topical term or geographic name entry element 声音疗法
942 ## - ADDED ENTRY ELEMENTS (KOHA)
Koha item type Book
-- 418.989 GOL

No items available.

© 2022. Malaysian Public Library, Research and Development Centre. All Right ReservedE-mailmplrdc@help.edu.my 

Powered by Koha